000 01309cam a22003497a 4500
003 CHAP
005 20220329140950.0
008 971013s1975 r 00010 d
010 _a60599
011 _a61571
035 _a65737
040 _cCHAP
082 _a630.72
_bI49ch
110 _aINIA. México. Campo Agrícola Experimental Chapingo
_958479
245 0 _aGuía para la asistencia técnica agrícola área de influencia del Campo Agrícola Experimental Chapingo
260 _aChapingo, México. INIA,
_c1975
300 _a79 p.
_b: ilus.
590 _aBATCH-UPD
_b10
_c20130110
_lUCH01
_h1016
590 _aBATCH-UPD
_b10
_c20130410
_lUCH01
_h0622
590 _aBATCH-UPD
_b10
_c20130913
_lUCH01
_h2105
590 _aCONVERSION
_b10
_c20130109
_lUCH01
_h1333
650 1 4 _aAgricultura
_xInvestigación
_xMéxico.
_91643
650 1 4 _aAgricultura
_zHidalgo.
_91928
650 1 4 _aAgricultura
_zMexico (Edo.).
_91934
650 1 4 _aAgricultura
_zTlaxcala.
_91939
901 _aBK
942 _cLIBRO
949 _a630.72 I49ch
_bBC
_cC
_d-151144
_eC
_fc.2
_h37831
_i65737
_si
949 _a630.72 I49ch
_bBC
_cLIBRO
_d33724000560181
_eLIBRO
_fc.7
_h43786
_i65737
_si
949 _a630.72 I49ch
_bBC
_cLIBRO
_d33724000560223
_eLIBRO
_fc.4
_h37840
_i65737
_si
949 _a630.72 I49ch
_bBC
_cMUT
_d-151141
_eMUT
_h37830
_i65737
_si
999 _c60599
_d60599